MDQL
is popping MORE tags! Check the
thread
!
Quizzes
Events
Quiz Creation
Community
Videos
Private Events
Remove Ads
Sign In
Join for FREE
Feedback
Dark Mode
Quiz Categories
Sports
Geography
Music
Movies
Television
Just For Fun
Miscellaneous
History
Literature
Language
Science
Gaming
Entertainment
Religion
Holiday
For Kids
Quiz Lab
Recent
Popular Today
Quiz Kudos Today
Editor Picks
Curator Picks
Quizzes by...
Day
Popularity
Type
Ratings
Length
Year
Community
Subscriptions
Recent Discussions
Orange Saloon
Badges
Playlists
Quests
Create
Leaderboards
Showdown
Live 5
Trivia Bingo
Activity
Puzzle Library
Sporcle Events
Private Events
Virtual Trivia
Globe League
Become a Host
Pub Owners
SporcleCon
Opinionation
Our Games
Videos
Blog
Mobile Apps
Partnerships
Remove Ads and Go Orange
Feedback
Sports
Athletes
MLB
NBA
NHL
NFL
Soccer
Sports Teams
WWE
NCAA
Football
Premier League
Basketball
Baseball
Hockey
Golf
Tennis
Cricket
Rugby
Auto Racing
Olympics
World Cup
Sports
Athletes
MLB
NBA
NHL
NFL
Soccer
Sports Teams
WWE
NCAA
Football
Premier League
Basketball
Baseball
Hockey
Golf
Tennis
Cricket
Rugby
Auto Racing
Olympics
World Cup
Random Quiz
Search Sporcle
×
Quiz Lab
Quiz Lab
Sports
NBA
Type in answers that appear in a list
Type in answers that appear in a list
Classic
Best Score? Go Orange.
2016-17 New York Knicks Basketball Roster Stats
Can you name all of the talented young men on the 2016-17 New York Knicks?
By
Mikey1017
5m
16 Questions
370 Plays
370 Plays
370 Plays
Comments
Comments
Give Quiz Kudos
Give Quiz Kudos
-
- Ratings
hide this ad
More Info
Replay
Link that replays current quiz
Next Quiz
Link to next quiz in quiz playlist
You Got
0%
They Got
Avg Score
73%
Avg Friend Score
Upgrade to see
Score Distribution
Jump to the score distribution portion of the page
Score
0/16
Timer
05:00
0
Plays Today
Number/Position
Knickerbocker
% Correct
7/
SF
Carmelo Anthony
98.4%
25/
PG
Derrick Rose
96.2%
6/
PF
Kristaps Porzingis
93.8%
13/
C
Joakim Noah
93.2%
5/
SG
Courtney Lee
91.4%
3/
PG
Brandon Jennings
78.6%
14/
C
Willy Hernangomez
77%
9/
PF-
C
Kyle O'Quinn
73.5%
Number/Position
Knickerbocker
% Correct
Head Coach
Jeff Hornacek
70.5%
31/
G
Ron Baker
69.5%
42/
F
Lance Thomas
67.3%
8/
SG
Justin Holiday
60.3%
91/
F
Mindaugas Kuzminskas
57%
40/
C
Marshall Plumlee
55.9%
18/
SG
Sasha Vujacic
49.2%
2/
F
Maurice N'Dour
47.6%
Quiz Playlist
Details
Report
Send in Message
Add To Playlist
More Info:
The Knicks are primed to do some very big things this season. Can you name the 15 men who were on the opening day roster?
Classic:
Type in answers that appear in a list
Last Updated: Feb 16, 2017
Quiz Scoreboard
CHALLENGE
Sign Up to Join the Scoreboard
Show All
Scores
Hide
Comments
May contain spoilers
Recently Published
5x2 Blitz: Bands
by SL_Kpop136
Music
30s
Colored Red Africa Blitz
by spor1
Geography
30s
Find the 'City' Movie
by crazypaving
Movies
60s
More to Explore
Quiz From the Vault
Featured Blog Post
14 Easter Pick-up Lines to Find Eggs With
hide this ad
You Might Also Like...
Tags
Basketball Quiz
NBA Quiz
Cleveland
Cleveland Cavaliers
Manhattan
NBA MVP
NBA Opening Lineups
NBA Player
New York
New York City
New York Knicks
Today's Top Quizzes in Sports
Browse Sports
hide this ad
Today's Top Quizzes in NBA
Browse NBA
Top Contributed Quizzes in Sports
1
Les entraîneurs de l'OM et du PSG au 21e siècle
2
Les meilleurs buteurs des matchs entre le PSG et l’OM
3
Players with Multiple 50 Home Run Seasons
4
2022 World Cup Stars
5
Les joueurs passés par le PSG et l'OM
6
NBA Logic Puzzle 2.0
7
Criteria MLB: Left Handed Sluggers
8
MLB Players with Two .350 Batting Average Seasons
9
Top 10 NHL Goal Scorers of All Time
10
Who Hit More Homers?
Explore More
Trending Topics
Anime
Harry Potter
Crossword
NBA
Disney
Marvel
Kpop
Pokémon
Song
WWE
NFL
Puzzle
Country
The Office
Soccer
hide this ad
More By:
Mikey1017
Quiz
Plays
Rating
Category
Featured
Created
List of Fortnite: Battle Royale Weapons and Items
128,530
2.66
Gaming
Dec 4, 2017
Avengers: Infinity War - Did they Survive Thanos' Snap?
7,107
4.33
Movies
May 14, 2018
How Well Do You Know the 2016-17 New York Knicks?
2,221
5.00
Sports
Dec 1, 2016
How Many NBA Players Can You Name (2017-18)?
2,135
5.00
Sports
Feb 12, 2018
How Many NBA Players Can You Name (2016-17)?
1,914
5.00
Sports
Feb 21, 2017
Go to Creator's Profile
Score Distribution
Quiz Creator Spotlight
Mikey1017
Follow
Send a Message
Quizzes Created
-
Created Quiz Play Count
-
More By This Creator
Popular Quizzes Today
1
Colored Red Africa Blitz
2
Find the 'City' Movie
3
5x2 Blitz: Bands
4
Find the US States - No Outlines Minefield
5
The Countries of the World
6
Find the US States
7
US States
8
Find the Countries of Europe - No Outlines Minefield
More Sports Quizzes
Click a Woman Athlete of the Year
Published
Trending Quizzes
Colored Red Europe Blitz I
Colored Red Europe Blitz II
Colored Red Africa Blitz II
Colored Red Europe Blitz III
Colored Red Africa Blitz III
Recently Updated
How Do You Spell That?
pecheneg
Godzilla Movies
pecheneg
Grab Bag: 4-10 Letters
pecheneg
2024 March Madness Bracket
pecheneg
Famous TV Couples
Peacemaker
Champions League XIs: Real Madrid
pecheneg
Largest US Cities 1790-2010
pecheneg
Rides in Walt Disney World
pecheneg
Most Oscar Losses (Acting)
pecheneg
Beyoncé Albums
pecheneg
Trending Topics
Disney
Crossword
NBA
Harry Potter
Marvel
Anime
Kpop
Song
Puzzle
The Office
Pokémon
Soccer
Country
NFL
WWE
Your Account Isn't Verified!
In order to create a playlist on Sporcle, you need to verify the email address you used during registration. Go to your
Sporcle Settings
to finish the process.
Report this User
Report this user for behavior that violates our
Community Guidelines
.
Details:
Send Report
Go to the Sporcle.com Mobile Site →
Comments